000 00697nam a22002177a 4500
003 BPGM
008 260617s mx |||||r||||s001 ||spa||
020 _a978-968-845-331-5
040 _bspa
041 _aSPA
_hSPA
082 0 4 _2PRIMERA EDICIÓN
_aCQ / 109 / R42
_bR42
100 _aARELLANO RODRÍGUEZ, JOSÉ SALVADOR
245 _aREDESCRIPCIÓN Y MORALIDAD
260 _aQUERÉTARO, MÉXICO
_bUNIVERSIDAD AUTÓNOMA DE QUERÉTARO
_cOCTUBRE 2007
300 _a134 PÁGINAS;
_c21.5 CM X 17.2 CM
336 _2rdacontent
_atexto
_btxt
337 _2rdamedia
_asin mediación
_bn
338 _2rdacarrier
_avolumen
_bnc
650 _aHUMANIDADES Y FILOSOFÍA
_v109
_x100
_y00
_z9
942 _2ddc
_cCOLQ
999 _c68614
_d68614